Top 30 : Elton John - Statistiques

Statistiques générales
  • Ce quiz a été pris 17 fois
  • Le résultat moyen est 9 sur 30
Statistiques - réponses
Top Titres Featuring % Correct
2 I'm Still Standing
87%
3 Rocket Man (I Think It's Going To Be A Long, Long Time)
80%
4 Your Song
73%
1 Cold Heart - PNAU Remix Dua Lipa, PNAU
67%
12 Crocodile Rock
60%
5 Don't Go Breaking My Heart Kiki Dee
53%
18 Candle In The Wind
47%
24 Sorry Seems To Be The Hardest Word
40%
6 Tiny Dancer
40%
8 Goodbye Yellow Brick Road
33%
10 Sacrifice
33%
11 Can You Feel The Love Tonight
27%
27 Don't Let The Sun Go Down On Me
27%
19 Don't Let The Sun Go Down On Me - Live At Wembley Arena George Michael
27%
9 Hold Me Closer Britney Spears
27%
20 Nikita
27%
7 Bennie And The Jets
20%
21 Daniel
20%
23 Saturday Night's Alright (For Fighting)
20%
17 Circle of Life Hans Zimmer, Tim Rice, Lebohang Morake, Carmen Twillie, Lebo M.
13%
25 Circle Of Life
13%
15 Ghetto Gospel 2Pac
13%
16 I Guess That's Why They Call It The Blues
13%
14 Merry Christmas Ed Sheeran
13%
13 Step Into Christmas
13%
26 Are You Ready For Love?
7%
28 High Young Thug
7%
30 Nothing Else Matters Miley Cyrus, WATT, Yo-Yo Ma, Robert Trujillo, Chad Smith
7%
29 Save Rock And Roll Fall Out Boy
7%
22 That's What Friends Are For Dionne Warwick, Gladys Knight, Stevie Wonder
7%
Aucun quiz correspondant
Distribution des résultats
% des personnes avec chaque résultat
Percentile par nombre de réponses
Votre historique - résultats
Vous n’avez pas pris ce quiz